000 00520nam a2200217Ia 4500
003 OSt
005 20221007083014.0
006 a|||||r|||| 00| 0
007 ta
008 221006b |||||||| |||| 00| 0 eng d
024 _a45,736
037 _cDissertations
040 _aFLL
_cFLL
_beng
041 _2eng
_aeng
100 _aRAJ Prateek
_9700058
245 0 _aE-contract
_b an analysis
260 _c2018
300 _aix,111p.
_ccm.
942 _cDIS
_2CC
999 _c1168478
_d1168478